STN ISO 4344: 2010 (27 4015) Oceľové laná pre výťahy. Minimálne požiadavky

Táto norma obsahuje slovenskú verziu normy ISO 4344: 2004

Bibliographic Details
Corporate Author: PR CONSULTING (Brezno, Slovensko) (Author)
Other Authors: Rusňák, Peter (Translator)
Format: Book
Language:Slovak
English
PhysicalDescription:32 s. obr. , tab. 30 cm
Published: Bratislava Slovenský ústav technickej normalizácie 2010
Subjects:

MARC

LEADER 00000nam a2200000 a 4500
001 vtls010056088
003 SK-MaSNL
005 20260302011008.0
008 160624s2010 xo ka f u 000 0 slo
015 |a SNBN2010/02-01178 
020 |c (cen. skup. 13) 
040 |a SNK  |b slo  |c SNK  |e AACR2 
041 1 |a slo  |h eng 
044 |a xo  |c SK 
046 |a s  |m 201001 (účin.) 
072 7 |a 621  |x Strojárstvo  |2 konspekt 
072 7 |a 679  |x Výroba káblov, povrazov a lán. Priemysel kameňa  |2 konspekt 
080 |a 621.876  |2 2001 
080 |a 679.73  |2 2001 
080 |a 006.7/.8  |2 2001 
080 |a (437.6)  |2 2001 
080 |a (4)  |2 2001 
084 |a 77.140.65  |2 ICS 
084 |a 91.140.90  |2 ICS 
130 0 |a STN 27 4015 (STN ISO 4344)  |9 650885 
245 1 0 |a STN ISO 4344: 2010 (27 4015) Oceľové laná pre výťahy. Minimálne požiadavky  |c spracovateľ PR CONSULTING Brezno, Peter Rusňák 
246 1 0 |a Oceľové laná pre výťahy 
246 1 0 |a Minimálne požiadavky 
246 3 0 |a ISO 4344: 2004 
260 |a Bratislava  |b Slovenský ústav technickej normalizácie  |c 2010 
300 |a 32 s.  |b obr. , tab.  |c 30 cm 
500 |a Súbežný názov v angličtine, francúzštine, nemčine 
500 |a Táto norma nahrádza STN ISO 4344 zo septembra 1993 v celom rozsahu 
504 |a Citované normy, súvisiace právne predpisy s. 2 ; literatúra s. 30 
520 8 |a Táto norma obsahuje slovenskú verziu normy ISO 4344: 2004 
540 |a STN vydané na akomkoľvek nosiči sa môžu rozmnožovať a rozširovať iba so súhlasom určenej právnickej osoby  |b SÚTN Bratislava  |c zákon 264/1999 Z.z. 
650 0 7 |a výťahy  |2 SVKBBPH  |9 2778 
650 0 7 |a oceľové laná  |2 SVKBBPH  |9 292612 
650 0 7 |a technické normy a štandardy  |z Slovensko  |2 SVKBBPH  |9 79594 
650 0 7 |a technické normy a štandardy  |z krajiny Európskej únie  |2 SVKBBPH  |9 289341 
655 7 |a normy  |2 SVKBBPH  |9 70643 
700 1 |a Rusňák, Peter  |4 trl  |9 5405 
710 2 |a PR CONSULTING (Brezno, Slovensko)  |4 aut  |9 321393 
710 2 |a Slovenský ústav technickej normalizácie (Bratislava, Slovensko)  |b TK100 Zdvíhacie zariadenia, žeriavy  |4 stn  |9 650886 
852 |a Štátna vedecká knižnica v Banskej Bystrici 
958 |a OP 
958 |a NB 
999 |c 1004439  |d 1006369 
952 |a SNK  |b SNK  |y PREZ  |7 0  |p 17A0643104  |o snkSTN ISO 4344  |i snk2010/1349  |8 0  |0 0  |1 0  |4 0  |d 2010-01-25  |l 0  |r 2026-02-24 12:31:32  |w 2026-02-24 
952 |a SNK  |b SNK  |y PREZ  |7 0  |p 17A0643105  |o snkSTN ISO 4344 D1  |i snk2010/1350  |8 0  |0 0  |1 0  |4 0  |d 2010-01-25  |l 0  |r 2026-02-24 12:31:32  |w 2026-02-24